000 00305nam a22001457a 4500
008 230622b ||||| |||| 00| 0 eng d
020 _a9780553053140
041 _aeng
080 _a159.9
082 _a159.9RES
100 _a25
101 _aPSI
245 _aTHE MIND
_cRESTAK.M.R
942 _2udc
_cBK
999 _c60030
_d60030